Statistics for music trivia: disco songs

Click here to take the quiz!

General Stats

  • This quiz has been taken 69 times
  • The average score is 9 of 15

Answer Stats

HintAnswer% Correct
Heart of GlassBlondie
96%
In the NavyVillage People
84%
We Are FamilySister Sledge
82%
MacArthur ParkDonna Summer
75%
Boogie WonderlandEarth Wind and Fire with The Emotions
69%
Kung Fu FightingCarl Douglas
64%
It's Raining MenThe Weather Girls
64%
Shadow DancingAndy Gibb
58%
If I Can't Have YouYvonne Elliman or The Bee Gees
58%
Ladies NightKool & the Gang
56%
Boogie Oogie OogieA Taste of Honey or GQ
49%
Knock on WoodAmii Stewart
40%
He's So ShyThe Pointer Sisters
40%
Lady (You Bring Me Up)The Commodores
38%
Turn the Beat AroundVicki Sue Robinson
36%

Score Distribution

Percentile by Number Answered

Percent of People with Each Score

Your Score History

You have not taken this quiz